| 000 | 00922cab a22002055a 4500 | ||
|---|---|---|---|
| 001 | L148715 | ||
| 008 | 091027s2009 xxkdo f 001 0 eng d | ||
| 035 | _a(Sirsi) u148715 | ||
| 041 | 0 | _aeng | |
| 110 | 2 |
_aRoyal Town Planning Institute _91206 |
|
| 245 | 0 | 4 | _aThe A-Z of planning consultants 2009-10 |
| 260 | _c2009 | ||
| 490 |
_aPlanning _vSeptember 2009 (supplement) |
||
| 520 | _aDiscusses the importance of consultants' help to those involved in promoting or assessing plans. Gives full contact information for consultants by region, giving details of their specialisms. | ||
| 590 | _aKA | ||
| 651 | 4 |
_aUnited Kingdom _y |
|
| 690 |
_aPlanning and development _96259 |
||
| 856 | 4 | 1 |
_uhttps://www.planningresource.co.uk/news/ByDiscipline/Development-Control/913804/Entries-A-Z-Planning-Consultants-2009-10-available-submission-online/ _zView the directory free of charge at www.planningresource.co.uk... |
| 942 | _n0 | ||
| 999 |
_c81939 _d81939 |
||